UM Logo

Developing a decision support system for the academic planning of UM Digos Deans' office with enrollment forecasting using simple line regression: (Record no. 14807)

MARC details
000 -LEADER
fixed length control field 00806nam a22002057a 4500
003 - CONTROL NUMBER IDENTIFIER
control field OSt
005 - DATE AND TIME OF LATEST TRANSACTION
control field 20200107113747.0
008 - FIXED-LENGTH DATA ELEMENTS--GENERAL INFORMATION
fixed length control field 200107b ||||| |||| 00| 0 eng d
040 ## - CATALOGING SOURCE
Transcribing agency UMDC
082 ## - DEWEY DECIMAL CLASSIFICATION NUMBER
Edition number 2019
Classification number UT 1370
Item number Ad19
100 ## - MAIN ENTRY--PERSONAL NAME
Personal name Trishia Adanza
9 (RLIN) 41014
245 ## - TITLE STATEMENT
Title Developing a decision support system for the academic planning of UM Digos Deans' office with enrollment forecasting using simple line regression:
Statement of responsibility, etc. Trishia Adanza, Rafael Von G. Qiuto & Pauline Marie S. Pusta
260 ## - PUBLICATION, DISTRIBUTION, ETC. (IMPRINT)
Place of publication, distribution, etc. Digos City:
Name of publisher, distributor, etc. UMDC
Date of publication, distribution, etc. April 2019
300 ## - PHYSICAL DESCRIPTION
Extent 51 pages;
Dimensions 30 cm.
650 ## - SUBJECT ADDED ENTRY--TOPICAL TERM
Topical term or geographic name as entry element Information Technology
Form subdivision Information Technology
General subdivision Undergraduate thesis;
9 (RLIN) 41015
700 ## - ADDED ENTRY--PERSONAL NAME
Personal name Adanza ,Trishia
9 (RLIN) 41016
700 ## - ADDED ENTRY--PERSONAL NAME
Personal name Qiuto, Rafael Von G.
9 (RLIN) 41017
700 ## - ADDED ENTRY--PERSONAL NAME
Personal name Pusta, Pauline Marie S.
9 (RLIN) 41018
942 ## - ADDED ENTRY ELEMENTS (KOHA)
Source of classification or shelving scheme Dewey Decimal Classification
Koha item type Undergraduate Thesis
Holdings
Withdrawn status Lost status Source of classification or shelving scheme Damaged status Not for loan Collection code Home library Current library Date acquired Total Checkouts Full call number Barcode Date last seen Price effective from Koha item type
    Dewey Decimal Classification     Undergraduate Theses UM Digos College - LIC UM Digos College - LIC 11/29/2019   UT 1370 Ad19 2019 UT 1370 01/07/2020 01/07/2020 Undergraduate Thesis